BIBLIOTECA PODER JUDICIAL
Portal Judicial TDF

Para vivir la Constitución / (Registro nro. 864)

000 -LEADER
fixed length control field 00488nam a22001697a 4500
003 - CONTROL NUMBER IDENTIFIER
control field OSt
005 - DATE AND TIME OF LATEST TRANSACTION
control field 20180625072104.0
008 - FIXED-LENGTH DATA ELEMENTS--GENERAL INFORMATION
fixed length control field 180226b xxu||||| |||| 00| 0 spa d
020 ## - INTERNATIONAL STANDARD BOOK NUMBER
International Standard Book Number 9505740220
040 ## - CATALOGING SOURCE
Transcribing agency PJT
100 ## - ASIENTO PRINCIPAL - NOMBRE DE PERSONA
9 (RLIN) 90
Personal name Bidart Campos, Germán José
245 10 - MENCIÓN DE TÍTULO
Título propiamente dicho Para vivir la Constitución /
Mención de responsabilidad, etc Germán J. Bidart Campos.
260 ## - PUBLICATION, DISTRIBUTION, ETC. (IMPRINT)
Place of publication, distribution, etc Buenos Aires :
Name of publisher, distributor, etc Ediar,
Date of publication, distribution, etc 1984.
300 ## - DESCRIPCION FISICA
Extent 518 p.
Dimensions 20 cm.
650 #0 - ASIENTO SECUNDARIO DE MATERIA - TERMINO TEMATICO
Topical term or geographic name as entry element DERECHO CONSTITUCIONAL
9 (RLIN) 178
942 ## - ADDED ENTRY ELEMENTS (KOHA)
Source of classification or shelving scheme
Koha item type Libros
Classification part 342.4
Item part BID
Existencias
Withdrawn status Lost status Source of classification or shelving scheme Damaged status Not for loan Permanent Location Current Location Date acquired Full call number Barcode Date last seen Price effective from Koha item type
          Biblioteca Poder Judicial Sur Biblioteca Poder Judicial Sur 2018-06-25 342.4 BID 2250 2018-06-25 2018-06-25 Libros

12 de Octubre 789 Ushuaia - Tel:  54(02901)441571
Horario de Atención: 8.00 a 17.00 hs. 
bibliotecaush@justierradelfuego.gov.ar
koha@justierradelfuego.gov.ar
Seguinos en nuestras redes @bibliojustdf 

Con tecnología Koha